000
00240nam a2200085Ia 4500
245
0
_a
Girls' guide to feeling fabulous!
100
_a
SHEEN, Barbara Harlow, [England], 2009
942
_c
BK
008
210817s9999 xx 000 0 und d
999
_c
404144
_d
404143